APC/IFV/CRV - Statistics

General Stats
  • This quiz has been taken 128 times
  • The average score is 7 of 15
Answer Stats
Picture Answer % Correct
M2A2 BRADLEY
95%
BMP 1
67%
BMP 2
66%
BMP 3
61%
BTR80
59%
M113
55%
BTR 70
52%
BTR60
50%
WARRIOR
38%
BRDM 2
35%
LAV25
27%
VAB
16%
SCIMITAR
15%
AMX10P
12%
LAV 3
12%
No matching quizzes found
Score Distribution
Percent of People with Each Score
Percentile by Number Answered
Your Score History
You have not taken this quiz